000 00418nam a2200181Ia 4500
001 9856
005 20260306161749.0
008 260306t1994||||xx |||||||||||||| ||spa||
041 _aESP
082 _a498.502
_bR92
100 _aRuelas Quispe, Justo
_eAUT
245 0 _aHable quechua sin problemas
260 _c1994
300 _a243 páginas :
_c
650 _aGEN
654 _aCHU
942 _cLIB
_dJUS
_fJUS
_2ddc
_n
999 _c9856
_d9856